| 000 | 00562cam a2200181 a 4500 | ||
|---|---|---|---|
| 001 | 000003417 | ||
| 005 | 20200929150433.0 | ||
| 008 | 880902s1982 pr o 001 0 spa | ||
| 020 | _a8449984963 | ||
| 040 |
_aDO-SdBNP _bspa _cBNPHU |
||
| 082 |
_a792.097295 _bF475c |
||
| 100 | 1 |
_aFigueroa Chapel, Ramón _910651 |
|
| 245 | 1 | 0 |
_aCrítica de teatro (1977-1979) / _cRamón Figueroa Chapel. |
| 260 |
_aRío Piedras, Puerto Rico : _bEdil, _c1982. |
||
| 300 |
_a319 p. ; _c20 cm. |
||
| 500 | _aIncluye índice | ||
| 650 | 4 |
_aTeatro _zPuerto Rico _xHistoria _ySIGLO XX _910652 |
|
| 999 |
_c3247 _d3247 |
||